|
|
|
|
| LEADER |
00773nab a2200193 i 4500 |
| 001 |
acta41565 |
| 005 |
20260224081030.0 |
| 008 |
170824s2010 hu o 000 hun d |
| 022 |
|
|
|a 0237-7934
|
| 040 |
|
|
|a SZTE Egyetemi Kiadványok Repozitórium
|b hun
|
| 041 |
|
|
|a hun
|
| 100 |
1 |
|
|a Virágh Anna
|
| 245 |
1 |
0 |
|a Bonyolult szomszédság
|h [elektronikus dokumentum] :
|b Éva Eszter Szabó : U. S. foreign and immigration policies in the Caribbean basin /
|c Virágh Anna
|
| 260 |
|
|
|c 2010
|
| 300 |
|
|
|a 206-209
|
| 490 |
0 |
|
|a Aetas
|v 25 No. 3
|
| 695 |
|
|
|a Külpolitika - USA - Latin-Amerika - 21. sz. - könyvismertetés, Bevándorlók - USA - könyvismertetés
|
| 700 |
0 |
1 |
|a Szabó Éva Eszter
|
| 856 |
4 |
0 |
|u http://acta.bibl.u-szeged.hu/41565/1/aetas_2010_003_206-209.pdf
|z Dokumentum-elérés
|